LDR 01073nam a2200241 4500 001 000000366106 003 CaOOAMICUS 005 20260122162239.0 008 260121s2011 it 000 u ita r 040 $aSeMil$bita 100 1 $aVazzoler, Giuseppe Moreno.$0(OLS)http://semarc/name/17073 245 10$aS. Maria Nova o del Pilastrello :$borigine e vicende di un antico luogo di culto /$cG. Moreno Vazzoler. 250 $aNuova ed. riveduta e ampliata 264 1$aVimodrone :$bComune di Vimodrone,$c2011. 300 $a111 p. :$bill. ;$c30 cm 650 4$aVimodrone - Chiese - Santa Maria Nova al Pilastrello.$0(OLS)http://semarc/subject/59376 850 $aSeMil 852 $aSeMil$W1$xVenegono$y1$m3P V 622$j266547$B256874$CSeMilBibl$Z2$F256874 $81 941 1 $a7 961 $aOmaggio mons. Mario Delpini 996 $6245$aS. Maria Nova o del Pilastrello :$borigine e vicende di un antico luogo di culto$9(OLS)http://semarc/title/457795 996 $6264$aVimodrone :$bComune di Vimodrone$9(OLS)http://semarc/publisher/62845